StarLite's Wrestling Picture Quiz #5: Longest Reigning Champions - Statistics

General Stats
  • This quiz has been taken 6 times
  • The average score is 10 of 16
Answer Stats
Picture Answer % Correct
Bruno Sammartino
100%
Hulk Hogan
100%
Rhea Ripley
100%
Adam Cole
80%
Bianca Belair
80%
Darby Allin
80%
Gunther
80%
Lex Luger
80%
Maxwell Jacob Friedman
80%
Austin Aries
60%
Josh Alexander
60%
Hikaru Shida
40%
Kazuchika Okada
40%
Lou Thesz
20%
Shane Douglas
20%
Taya Valkyrie
20%
No matching quizzes found
Score Distribution
Percent of People with Each Score
Percentile by Number Answered
Your Score History
You have not taken this quiz